<?xml version="1.0" encoding="UTF-8"?>
<record
    xmlns:xsi="http://www.w3.org/2001/XMLSchema-instance"
    xsi:schemaLocation="http://www.loc.gov/MARC21/slim http://www.loc.gov/standards/marcxml/schema/MARC21slim.xsd"
    xmlns="http://www.loc.gov/MARC21/slim">

  <leader>00912nam a22002177a 4500</leader>
  <datafield tag="999" ind1=" " ind2=" ">
    <subfield code="c">53933</subfield>
    <subfield code="d">53933</subfield>
  </datafield>
  <controlfield tag="005">20220511142707.0</controlfield>
  <controlfield tag="008">               th                j tha d</controlfield>
  <datafield tag="020" ind1=" " ind2=" ">
    <subfield code="a">9749741064</subfield>
  </datafield>
  <datafield tag="040" ind1=" " ind2=" ">
    <subfield code="a">NALT</subfield>
  </datafield>
  <datafield tag="041" ind1=" " ind2=" ">
    <subfield code="a">tha</subfield>
  </datafield>
  <datafield tag="090" ind1=" " ind2=" ">
    <subfield code="a">SC </subfield>
    <subfield code="b">&#xE1E;349&#xE23;</subfield>
  </datafield>
  <datafield tag="100" ind1="0" ind2=" ">
    <subfield code="9">48853</subfield>
    <subfield code="a">&#xE1E;&#xE23;&#xE30;&#xE1E;&#xE34;&#xE28;&#xE32;&#xE25;&#xE18;&#xE23;&#xE23;&#xE21;&#xE1E;&#xE32;&#xE17;&#xE35;</subfield>
  </datafield>
  <datafield tag="245" ind1="1" ind2="0">
    <subfield code="a">&#xE23;&#xE27;&#xE21;&#xE2E;&#xE34;&#xE15;...&#xE2A;&#xE38;&#xE14;&#xE22;&#xE2D;&#xE14;&#xE2D;&#xE32;&#xE23;&#xE21;&#xE13;&#xE4C;&#xE02;&#xE31;&#xE19;...&#xE1E;&#xE23;&#xE30;&#xE1E;&#xE22;&#xE2D;&#xE21; &#xE01;&#xE31;&#xE25;&#xE22;&#xE32;&#xE42;&#xE13; &#xE40;&#xE25;&#xE48;&#xE21; 2+3+4 /</subfield>
    <subfield code="c">&#xE1E;&#xE23;&#xE30;&#xE1E;&#xE34;&#xE28;&#xE32;&#xE25;&#xE18;&#xE23;&#xE23;&#xE21;&#xE1E;&#xE32;&#xE17;&#xE35;</subfield>
  </datafield>
  <datafield tag="260" ind1=" " ind2=" ">
    <subfield code="a">&#xE01;&#xE23;&#xE38;&#xE07;&#xE40;&#xE17;&#xE1E;&#xE2F; : </subfield>
    <subfield code="b">&#xE42;&#xE1B;&#xE23;-&#xE27;&#xE34;&#xE0A;&#xE31;&#xE48;&#xE19; &#xE40;&#xE2D;&#xE19;&#xE40;&#xE15;&#xE2D;&#xE23;&#xE4C;&#xE40;&#xE17;&#xE19;&#xE40;&#xE21;&#xE19;&#xE17;&#xE4C;, </subfield>
    <subfield code="c">&#xE21;.&#xE1B;.&#xE1B;.</subfield>
  </datafield>
  <datafield tag="300" ind1=" " ind2=" ">
    <subfield code="a">230 &#xE2B;&#xE19;&#xE49;&#xE32; :</subfield>
    <subfield code="b">&#xE20;&#xE32;&#xE1E;&#xE1B;&#xE23;&#xE30;&#xE01;&#xE2D;&#xE1A; ;</subfield>
    <subfield code="c">21 &#xE0B;&#xE21;.</subfield>
  </datafield>
  <datafield tag="650" ind1=" " ind2="0">
    <subfield code="a">&#xE04;&#xE33;&#xE04;&#xE21;</subfield>
    <subfield code="9">14957</subfield>
  </datafield>
  <datafield tag="650" ind1=" " ind2="4">
    <subfield code="a">&#xE2D;&#xE32;&#xE23;&#xE21;&#xE13;&#xE4C;&#xE02;&#xE31;&#xE19;</subfield>
    <subfield code="9">14818</subfield>
  </datafield>
  <datafield tag="650" ind1=" " ind2="4">
    <subfield code="a">&#xE40;&#xE23;&#xE37;&#xE48;&#xE2D;&#xE07;&#xE2A;&#xE31;&#xE49;&#xE19;</subfield>
    <subfield code="9">460</subfield>
  </datafield>
  <datafield tag="850" ind1=" " ind2=" ">
    <subfield code="a">NALT</subfield>
  </datafield>
  <datafield tag="942" ind1=" " ind2=" ">
    <subfield code="c">SHT</subfield>
    <subfield code="2">local</subfield>
  </datafield>
  <datafield tag="998" ind1=" " ind2=" ">
    <subfield code="j">1020</subfield>
    <subfield code="k"> &#xE08;&#xE33;&#xE40;&#xE23;&#xE35;&#xE22;&#xE07; &#xE23;&#xE30;&#xE27;&#xE31;&#xE07;&#xE2A;&#xE33;&#xE42;&#xE23;&#xE07;</subfield>
  </datafield>
  <datafield tag="952" ind1=" " ind2=" ">
    <subfield code="0">0</subfield>
    <subfield code="1">0</subfield>
    <subfield code="4">0</subfield>
    <subfield code="7">0</subfield>
    <subfield code="8">CFICSHT</subfield>
    <subfield code="a">NALT</subfield>
    <subfield code="b">NALT</subfield>
    <subfield code="e">&#xE08;&#xE31;&#xE14;&#xE0B;&#xE37;&#xE49;&#xE2D;&#xE17;&#xE23;&#xE31;&#xE1E;&#xE22;&#xE32;&#xE01;&#xE23;</subfield>
    <subfield code="g">145.00</subfield>
    <subfield code="l">0</subfield>
    <subfield code="o">SC &#xE1E;349&#xE23;</subfield>
    <subfield code="p">3961169692</subfield>
    <subfield code="r">2017-06-09 00:00:00</subfield>
    <subfield code="t">&#xE09;. 2</subfield>
    <subfield code="v">195.00</subfield>
    <subfield code="w">2017-06-09</subfield>
    <subfield code="y">SHT</subfield>
  </datafield>
  <datafield tag="952" ind1=" " ind2=" ">
    <subfield code="0">0</subfield>
    <subfield code="1">0</subfield>
    <subfield code="4">0</subfield>
    <subfield code="7">0</subfield>
    <subfield code="8">CFICSHT</subfield>
    <subfield code="a">NALT</subfield>
    <subfield code="b">NALT</subfield>
    <subfield code="e">&#xE08;&#xE31;&#xE14;&#xE0B;&#xE37;&#xE49;&#xE2D;&#xE17;&#xE23;&#xE31;&#xE1E;&#xE22;&#xE32;&#xE01;&#xE23;</subfield>
    <subfield code="g">145.00</subfield>
    <subfield code="l">0</subfield>
    <subfield code="o">SC &#xE1E;349&#xE23;</subfield>
    <subfield code="p">3961169691</subfield>
    <subfield code="r">2017-06-09 00:00:00</subfield>
    <subfield code="t">&#xE09;. 1</subfield>
    <subfield code="v">195.00</subfield>
    <subfield code="w">2017-06-09</subfield>
    <subfield code="y">SHT</subfield>
  </datafield>
</record>
